| 000 | 00988nam0a22002651 4500 | ||
|---|---|---|---|
| 001 | rc\4396867 | ||
| 005 | 20260407214854.0 | ||
| 021 |
_aRU _bРг1694-59 |
||
| 035 | _a(NLR Aleph) 008296259 | ||
| 090 |
_a8607550 _c8607550 |
||
| 100 | _a20130416d1959 |||y0rusy50 ca | ||
| 101 | 0 | _arus | |
| 102 | _aRU | ||
| 105 | _ay z ||||| | ||
| 200 | 1 | _aПоложение об ученической производственной бригаде в колхозе (совхозе) Дагестанской АССР | |
| 210 |
_a[Махачкала] _cБ. и. _d1959] |
||
| 215 |
_a9 с. _d20 |
||
| 300 | _aБез тит. л. и обл. | ||
| 300 | _aВ конце текста подпись: министр просвещения ДАССР... | ||
| 710 | 0 | 1 |
_aДагестанская АССР _bМинистерство просвещения _9783790 _3RU\NLR\AUTH\8810144685 |
| 801 | 0 |
_aRU _bNLR _gpsbo |
|
| 801 | 1 |
_aRU _bELAR _2rusmarc |
|
| 852 |
_aNLR _j59-4/4291 |
||
| 942 | _cBOOK | ||
| 980 | _aNB | ||